Pasión y farsa: franceses y británicos ante la guerra civil española

Na minha lista:
Detalhes bibliográficos
Autor principal: Avilés Farré, Juan (Autor)
Formato: Livro
Idioma:espanhol
Publicado em: Madrid Eudema 1994
coleção:Estudios de historia contemporánea
Assuntos:
Tags: Adicionar Tag
Sem tags, seja o primeiro a adicionar uma tag!

MARC

LEADER 00000nam a2200000 a 4500
001 UCY4741
003 CL-VaPUC
008 950328e19940000SP |||||||||||||||||spa|d
082 0 4 |a 946.081  |b AVI  |2 21 
100 0 |a Avilés Farré, Juan  |e author  |9 333221 
245 1 0 |a Pasión y farsa: franceses y británicos ante la guerra civil española 
300 |a 229 p 
942 |c BK 
945 |d 19950328 00:00:00  |a oaravena 
260 |a Madrid  |b Eudema  |c 1994 
650 7 |a HISTORIA SEGUNDA REPUBLICA 1931-1939  |2 CL-VaPUC  |9 314288 
650 7 |a HISTORIA GUERRA CIVIL 1931-1939  |2 CL-VaPUC  |9 333222 
651 0 |a España  |9 254926 
583 |a last modification  |c 19950328 00:00:00  |k Rodrigo Vera 
490 0 |a Estudios de historia contemporánea 
999 |c 232510  |d 232508 
952 |0 0  |1 0  |4 0  |6 946_081000000000000_AVI_1994  |7 0  |8 A  |9 237157  |a FDOPOS  |b FDOPOS  |d 2019-11-15  |i 3071340  |o 946.081 AVI 1994  |p 3071340  |r 2025-01-22  |w 2019-11-15  |y BK  |k MLH